000 00557nam a2200181Ia 4500
999 _c36877
_d36877
003 OSt
005 20210122150626.0
008 190216s9999||||xx |||||||||||||| ||und||
020 _a9780070619920
040 _coclc
082 _a658.007
_bSHA/T
100 _aSharma, Arun
_98357
245 4 _aThe Complete CAT Digest (common Admission Test) /
_cArun Sharma
260 _bTata Mcgraw Hill Publishing Company Ltd,
_c2008.
_aNew Delhi:
300 _a576p
650 _aReferences
942 _cREF
_2ddc
_h658.007
_iSHA/T
_k658.007
_mSHA/T